000 00870na a2200277 4500
001 20965
003 MIRAKIL
005 20181213155022.0
008 170130b tu 000 0
035 _a20965
040 _aMilas
_btur
_cTR-AnCHP
041 _atur
082 _a324.2372
_bY35 2003
090 _a324.2372 Y35 2003
110 _aYeni Türkiye Partisi (YTP)
245 _aYeni Türkiye (YTP)
_byönetmelikler
_cYTP
246 _aYönetmelikler
260 _a[Ankara]
_bYTP
_c2003
_fTşof Plaka Matbaacılık
300 _a64 s.
_c16 sm.
610 _aYeni Türkiye Partisi (YTP)
_xYönetmelikler
610 _aYeni Türkiye Partisi (YTP)
_xPropaganda ve ideolojiler
650 _aSiyasal partiler
_xParti türleri
_ySosyal demokrat partiler
_zTürkiye
710 _aYeni Türkiye Partisi (YTP)
830 _aYeni Türkiye Partisi
942 _2ddc
_cBKS
999 _c4950
_d4950